000 00528nam a2200193Ia 4500
003 GCL
008 140319s9999 xx 000 0 ara d
040 _aGCL /
_cGCL
082 0 4 _a81.9
_bع ح
100 1 _aعلى الباز
245 1 0 _aحبيباتى /
_cعلى الباز
260 _a[S.N] :
_bدار الجامعات المصرية ،
_c1982
300 _a112 ص
490 _a
650 0 4 _aالشعر العربى
650 0 4 _aالادب العربى
650 0 4 _aدواوين وقصائد
942 _2ddc
_cBK
999 _c54135
_d54135